Developing destinies : (Record no. 6783)

MARC details
000 -LEADER
fixed length control field 02004cam a2200361 4500
001 - CONTROL NUMBER
control field 7896
005 - DATE AND TIME OF LATEST TRANSACTION
control field 20181127184617.0
008 - FIXED-LENGTH DATA ELEMENTS--GENERAL INFORMATION
fixed length control field 100806s2011 nyua b 001 0beng
010 ## - LIBRARY OF CONGRESS CONTROL NUMBER
LC control number 2010033356
020 ## - INTERNATIONAL STANDARD BOOK NUMBER
International Standard Book Number 0195319907 (alk. paper)
International Standard Book Number 9780195319903 (alk. paper)
082 00 - DEWEY DECIMAL CLASSIFICATION NUMBER
Classification number 618.20092
-- B
Edition number 22
100 1# - MAIN ENTRY--PERSONAL NAME
Personal name Rogoff, Barbara.
245 10 - TITLE STATEMENT
Title Developing destinies :
Remainder of title a Mayan midwife and town /
Statement of responsibility, etc. Barbara Rogoff ; with Chona Perez Gonzalez, Chonita Chavajay Quiacain, and Josue Chavajay Quiacain.
260 ## - PUBLICATION, DISTRIBUTION, ETC.
Place of publication, distribution, etc. New York :
Name of publisher, distributor, etc. Oxford University Press,
Date of publication, distribution, etc. c2011.
300 ## - PHYSICAL DESCRIPTION
Extent x, 343 p. :
Other physical details ill. ;
Dimensions 25 cm.
490 1# - SERIES STATEMENT
Series statement Child development in cultural context
504 ## - BIBLIOGRAPHY, ETC. NOTE
Bibliography, etc. note Includes bibliographical references and index.
505 00 - FORMATTED CONTENTS NOTE
Title Beginnings : stability and change --
-- Living culture, across generations --
-- Meeting Chona and San Pedro --
-- Paper with a mouth, recounting the developing destinies of an iyoom and her community --
-- Born to a spiritual calling, across generations : cultural heritage and resistance --
-- Childhood and where babies come from --
-- A becoming young woman --
-- Changing memories in changing practices --
-- Entry and prominence in a sacred profession --
-- Ripples across generations and nations in Mayan pregnancy and childbirth --
-- Ripples across generations and nations in birth destinies and postnatal care --
-- Ways of learning across times and places --
-- Traditions and transformations.
600 10 - SUBJECT ADDED ENTRY--PERSONAL NAME
Personal name Perez Gonzalez, Chona.
Personal name Perez Gonzalez, Chona.
650 #0 - SUBJECT ADDED ENTRY--TOPICAL TERM
Topical term or geographic name entry element Midwives
Geographic subdivision Guatemala
Form subdivision Biography.
Topical term or geographic name entry element Midwifery
Geographic subdivision Guatemala
Form subdivision Biography.
Topical term or geographic name entry element Culture
Geographic subdivision Guatemala.
Topical term or geographic name entry element Delivery, Obstetric
Geographic subdivision Guatemala.
Topical term or geographic name entry element Maternal Welfare
General subdivision ethnology
Geographic subdivision Guatemala.
Topical term or geographic name entry element Medicine, Traditional
Geographic subdivision Guatemala.
Topical term or geographic name entry element Social Change
Geographic subdivision Guatemala.
700 1# - ADDED ENTRY--PERSONAL NAME
Personal name Chavajay Quiacain, Josue.
Personal name Chavajay Quiaca�n, Chonita.
Personal name Perez Gonzalez, Chona.
830 #0 - SERIES ADDED ENTRY--UNIFORM TITLE
Uniform title Child development in cultural context.
Holdings
Withdrawn status Lost status Source of classification or shelving scheme Damaged status Not for loan Collection code Home library Current library Shelving location Serial Enumeration / chronology Inventory number Total Checkouts Full call number Barcode Date last seen Price effective from Koha item type
    Dewey Decimal Classification     Main TEST RTC Library RTC Library Main opac 11930   618 ROG 30011630 27/11/2018 27/11/2018 Main
Royal Thimphu College || All Right Reserved